Movimiento campesino en la Revolución Popular Sandinista

Furkejuvvon:
Bibliográfalaš dieđut
Searvvušdahkki: Unión Nacional de Agricultores y Ganaderos (Nicaragua)
Materiálatiipa: Texto
Almmustuhtton: Managua :
Fáddágilkorat: Lasit fáddágilkoriid
Eai fáddágilkorat, Lasit vuosttaš fáddágilkora!

MARC

LEADER 00000 a a2200000 04500
001 15319
003
040
090 |a 021200  
110 |a Unión Nacional de Agricultores y Ganaderos (Nicaragua)  
245 |a Movimiento campesino en la Revolución Popular Sandinista  
260 |a Managua :  
300 |a 18; 2 p.  
999 |c 11761  |d 11761